Contemporary labor economics / (Record no. 17557)
[ view plain ]
| 000 -LEADER | |
|---|---|
| fixed length control field | 01269nam a22003975a 4500 |
| 001 - CONTROL NUMBER | |
| control field | 015492020 |
| 003 - CONTROL NUMBER IDENTIFIER | |
| control field | Uk |
| 005 - DATE AND TIME OF LATEST TRANSACTION | |
| control field | 20150817093511.0 |
| 008 - FIXED-LENGTH DATA ELEMENTS--GENERAL INFORMATION | |
| fixed length control field | 110114s2010 MAUa frb 001 0 eng d |
| 010 ## - LIBRARY OF CONGRESS CONTROL NUMBER | |
| LC control number | 2009022644 |
| 015 ## - NATIONAL BIBLIOGRAPHY NUMBER | |
| National bibliography number | GBB113984 |
| Source | bnb |
| 020 ## - INTERNATIONAL STANDARD BOOK NUMBER | |
| International Standard Book Number | 9780070166752 (pbk.) |
| 020 ## - INTERNATIONAL STANDARD BOOK NUMBER | |
| International Standard Book Number | 9780071078955 |
| 020 ## - INTERNATIONAL STANDARD BOOK NUMBER | |
| International Standard Book Number | 0071078959 |
| 040 ## - CATALOGING SOURCE | |
| Original cataloging agency | EG-ScBUE |
| Language of cataloging | eng |
| Transcribing agency | EG-ScBUE |
| 082 04 - DEWEY DECIMAL CLASSIFICATION NUMBER | |
| Classification number | 331 |
| Item number | MCC |
| Edition number | 22 |
| 100 1# - MAIN ENTRY--PERSONAL NAME | |
| Personal name | McConnell, Campbell R. |
| 9 (RLIN) | 33766 |
| 245 10 - TITLE STATEMENT | |
| Title | Contemporary labor economics / |
| Statement of responsibility, etc | Campbell R. McConnell, Stanley L. Brue, David A. Macpherson. |
| 250 ## - EDITION STATEMENT | |
| Edition statement | 9th ed. |
| 260 ## - PUBLICATION, DISTRIBUTION, ETC. (IMPRINT) | |
| Place of publication, distribution, etc | Boston : |
| Name of publisher, distributor, etc | McGraw-Hill Irwin, |
| Date of publication, distribution, etc | c2010. |
| 300 ## - PHYSICAL DESCRIPTION | |
| Extent | xvi, 624 p. : |
| Other physical details | col. ill. ; |
| Dimensions | 23 cm. |
| 490 0# - Series Statement | |
| Series statement | The McGraw-Hill series economics |
| 500 ## - GENERAL NOTE | |
| General note | Appendix : p. 567-582. |
| 500 ## - GENERAL NOTE | |
| General note | Glossary : p.583-597. |
| 500 ## - GENERAL NOTE | |
| General note | answer to "your turn" questions: p.598-601. |
| 500 ## - GENERAL NOTE | |
| General note | Indexes :p.602-624. |
| 504 ## - BIBLIOGRAPHY, ETC. NOTE | |
| Bibliography, etc | Includes bibliographical references. |
| 590 ## - LOCAL NOTE (RLIN) | |
| Local note | Menna Elemam |
| 650 #0 - SUBJECT ADDED ENTRY--TOPICAL TERM | |
| Topical term or geographic name as entry element | Labor economics. |
| 9 (RLIN) | 33767 |
| Source of heading or term | BUEsh |
| 650 #0 - SUBJECT ADDED ENTRY--TOPICAL TERM | |
| Topical term or geographic name as entry element | Economic-- |
| General subdivision | history. |
| Source of heading or term | BUEsh |
| 651 ## - SUBJECT ADDED ENTRY--GEOGRAPHIC NAME | |
| Source of heading or term | BUEsh |
| 653 ## - INDEX TERM--UNCONTROLLED | |
| Resource For college | BAEPS, Economics |
| Arrived date list | August2015 |
| 700 1# - ADDED ENTRY--PERSONAL NAME | |
| Personal name | Brue, Stanley L., |
| Dates associated with a name | 1945- |
| 9 (RLIN) | 33768 |
| 700 1# - ADDED ENTRY--PERSONAL NAME | |
| Personal name | Macpherson, David A., |
| Dates associated with a name | 1960- |
| 9 (RLIN) | 9270 |
| 942 ## - ADDED ENTRY ELEMENTS (KOHA) | |
| Source of classification or shelving scheme | Dewey Decimal Classification |
| Item type | Book - Borrowing |
| Call number prefix | 331 MCC |
| Withdrawn status | Item status | Source of classification or shelving scheme | Damaged status | Not for loan | Vendor | Home library | Current library | Shelving location | Date acquired | Source of acquisition | Total Checkouts | Total Renewals | Full call number | Barcode | Date last seen | Date last borrowed | Koha item type |
|---|---|---|---|---|---|---|---|---|---|---|---|---|---|---|---|---|---|
| Dewey Decimal Classification | Baccah | Central Library | Central Library | First floor | 26/09/2013 | 2 | 25 | 331 MCC | 000029013 | 15/07/2025 | 01/10/2018 | Book - Borrowing | |||||
| Dewey Decimal Classification | Baccah | Central Library | Central Library | First floor | 26/09/2013 | 4 | 1 | 331 MCC | 000029014 | 15/07/2025 | 22/01/2022 | Book - Borrowing | |||||
| Dewey Decimal Classification | Baccah | Central Library | Central Library | First floor | 26/09/2013 | 3 | 22 | 331 MCC | 000029015 | 15/07/2025 | 12/11/2015 | Book - Borrowing |